|
|
|
|
| LEADER |
00000nam a22000007a 4500 |
| 005 |
20141022225219.0 |
| 007 |
cr|||| |||| |
| 008 |
141022s2014 br |||||s|||| 00||0 por d |
| 020 |
|
|
|a 978-85-361-2982-2
|
| 035 |
|
|
|a 12495
|
| 040 |
|
|
|a vLex
|
| 090 |
|
|
|c 5263
|d 5263
|
| 100 |
1 |
|
|a Agra Belmonte, Alexandre
|
| 245 |
1 |
0 |
|a Tutela da composiȯ̂ dos danos morais nas relaė̳s de trabalho
|h [Recurso electrn̤ico] /
|c Alexandre Agra Belmonte
|
| 256 |
|
|
|a Servicio en ln̕ea
|
| 260 |
|
|
|a San Pablo:
|b LTR Editora,
|c 2014
|
| 300 |
|
|
|a 1 recurso electrn̤ico
|
| 506 |
1 |
|
|a Disponible solo en los productos indicados
|d vLex Global
|d vLex Global (Academic Edition, excluding Law Schools)
|d vLex Global (U.S. Academic Edition, Law Schools)
|d vLex Global (U.S. Academic Edition, excluding Law Schools)
|d vLex Global (Academic Edition, Law Schools)
|
| 650 |
0 |
4 |
|a Derecho Laboral y Seguridad Social
|z Brasil
|
| 740 |
0 |
|
|a vLex Libros (Servicio en ln̕ea)
|
| 856 |
4 |
0 |
|u http://vlex.com/source/tutela-composi-o-danos-morais-rela-es-trabalho-12495
|z Acceso restringido
|
| 942 |
|
|
|c BOOK
|
| 999 |
0 |
|
|a Labor Law and Social Security
|